<?xml version="1.0" encoding="UTF-8"?>
<collection xmlns="http://www.loc.gov/MARC21/slim">
 <record>
  <leader>01600nam a2200205Ia 4500</leader>
  <controlfield tag="001">CTU_142</controlfield>
  <controlfield tag="008">210402s9999    xx            000 0 und d</controlfield>
  <datafield tag="082" ind1=" " ind2=" ">
   <subfield code="a">895.9223008</subfield>
  </datafield>
  <datafield tag="082" ind1=" " ind2=" ">
   <subfield code="b">T527/T5</subfield>
  </datafield>
  <datafield tag="245" ind1=" " ind2="0">
   <subfield code="a">Tuyển tập truyện ngắn Việt Nam chọn lọc</subfield>
  </datafield>
  <datafield tag="245" ind1=" " ind2="0">
   <subfield code="b">Trọn bộ 8 tập</subfield>
  </datafield>
  <datafield tag="245" ind1=" " ind2="0">
   <subfield code="c">Tuyển tập truyện ngắn Việt Nam chọn lọc, Lữ Huy Nguyên</subfield>
  </datafield>
  <datafield tag="260" ind1=" " ind2=" ">
   <subfield code="a">Hà Nội</subfield>
  </datafield>
  <datafield tag="260" ind1=" " ind2=" ">
   <subfield code="b">Văn học</subfield>
  </datafield>
  <datafield tag="260" ind1=" " ind2=" ">
   <subfield code="c">1996</subfield>
  </datafield>
  <datafield tag="520" ind1=" " ind2=" ">
   <subfield code="a">Phan Thị Vàng Anh: Hoa muộn, Đất đỏ; Tạ Duy Anh: Bước qua lời nguyền; Trần Phương Anh: Dốc chiều hôm; Nguyễn Thị ấm: Giấc ngủ nơi trần thế; Đức Ban: Hoa đại trắng; Y Ban: Bức thư gửi mẹ Âu Cơ; Nguyễn Bản: ánh trăng; Vũ Bão: Người vãi linh hồn; Ngô Ngọc Bội: Những mảnh vụn; Nguyễn Văn Bổng: Phong lan; Nguyễn Minh Châu: Phiên chợ Giát; Đỗ Chu: Một loài chim trên sông; Ngô Thị Kim Cúc: Bài hát chim nhồng xanh; Lý Biên Cương: Mười hai cửa bể; Đặng Thư Cưu: Bất hạnh của tài hoa; Hồ Thị Huệ Dài: Mùa săn; Hồng Dân: Chiều vô danh; Nguyễn Dậu: Mật rắn; Trung Trung Đỉnh: Đêm nguyệt thực; Anh Đức: Cái bàn còn bỏ trống</subfield>
  </datafield>
  <datafield tag="650" ind1=" " ind2=" ">
   <subfield code="a">short stories, vietnamese,vietnamese literature</subfield>
  </datafield>
  <datafield tag="650" ind1=" " ind2=" ">
   <subfield code="x">collections</subfield>
  </datafield>
  <datafield tag="650" ind1=" " ind2=" ">
   <subfield code="y">20th century</subfield>
  </datafield>
  <datafield tag="980" ind1=" " ind2=" ">
   <subfield code="a">Trung tâm Học liệu Trường Đại học Cần Thơ</subfield>
  </datafield>
 </record>
</collection>
